000 00488nam a2200205Ia 4500
005 20250425160900.0
008 250425s9999 xx 000 0 und d
020 _a843140244X
041 _aspa
082 _a671.52
100 _aPATTON, WILLIAM J.
245 0 _aCIENCIA Y TECNICA DE LA SOLDADURA
250 _a1A ED.
260 _aBILBAO
260 _aEspaña
_bURMO
_c1982
300 _a595
700 _aA. MADROÑERO DE LA CAL
_etraductor
942 _c01
010 _a7526
999 _c198096
_d198096